000 00548nam a2200205 i 4500
001 C2-0296331
003 PPAK
005 20180728074704.0
008 090416s io |||| ||||| | may d
040 _aPPAK
_beng
_cPPAK
_erda
082 0 4 _a320.9598
_223
090 0 0 _a320.9598
_bPOL
_dKIH
245 0 0 _aPolitik dan diplomasi
264 1 _aDjakarta, Indonesia :
_bSekretariat dewan partai ,
300 _a115 pages ;
_c19 cm
336 _2rdacontent
_atext
337 _2rdamedia
_aunmediated
338 _2rdacarrier
_avolume
942 _ddc
_cB
999 _c100787
_d100787